Tilastot visalle Itä-Euroopan maat kartalla

Klikkaa tästä pelataksesi tätä visaa!

Yleistilastot

  • Tätä visaa on pelattu 2 019 kertaa
  • Keskiarvotulos 18 / 21

Vastaukset kartalla

Vastauksille on annettu kartalla punavihreä väri sen mukaan, kuinka moni on saanut sen oikein.
 

Vastaustilastot

Vastaus% Oikein
Venäjä
97%
Liettua
96%
Puola
96%
Viro
96%
Latvia
95%
Ukraina
95%
Valko-Venäjä
94%
Romania
88%
Tšekki
86%
Kroatia
85%
Moldova
85%
Slovakia
81%
Bulgaria
80%
Slovenia
79%
Bosnia ja Hertsegovina
78%
Unkari
78%
Albania
77%
Kosovo
77%
Pohjois-Makedonia
76%
Serbia
76%
Montenegro
71%

Tulosjakauma

Persentiili vastausten määrän mukaan

Jokaisen tuloksen saaneiden osuus

Tuloshistoriasi

Et ole pelannut tätä visaa